000 00782nam a2200253 a 4500
001 000010203
005 20240412074216.0
008 091005s2000 dr r 000 p spa d
020 _a9993401161
040 _aDO-SdBNP
_bspa
_cBNPHU
082 _aRD861.44
_bJ61a, 2000
100 1 _aJiménez, Blas
_925203
245 1 0 _aAquí ... otro español /
_cBlas Jiménez.
250 _a2a ed.
260 _aSanto Domingo :
_bManatí,
_c2000.
300 _a114 p. ;
_c21 cm.
490 1 _aLiteratura Caribeña
500 _aIncluye datos biográficos del autor en las solapas
590 _aInventariado, 2018/LP
650 0 _aPoesía dominicana
_966
650 0 _aLiteratura dominicana.
_967
830 0 _aLiteratura Caribeña
_925204
910 _aValidado. Control de calidad. MMOLINA
999 _c9962
_d9962